000 01631nam a22002417a 4500
005 20260411121428.0
008 260411b |||||||| |||| 00| 0 eng d
020 _a0070419779
040 _cAL
041 _aeng
082 _a621.319
_bMILP
100 _aRobert H Miller
_9261511
245 _aPower system operation Ed 3
250 _a3
260 _aChennai
_bMc Graw Hill Education
_c2017
300 _axiiii,271p
_bPB
_c23x15.5cm
365 _2Electronics and Communication Engineering
_aVBI-2645
_b₹521.25
_c
_d₹695.00
_e25%
_f20-02-2026
520 _aThe best-selling power system operation manual ever published--NOW IN AN ALL-NEW EDITION! For over 30 years more electrical power professionals have used this guide for safe, economical system operation than any other in print. Why? Because Power System Operation, by Robert Miller and James Malinowski, presents more of the fundamental principles and methods dispatchers and operators need in a clear, easy-to-understand style. Now this third edition has been expanded by 50% to cover even more: VAR flows; Power system control; Telemetering methods; Supervisory control and data acquisition methods; System control, protection and stability; System reliability factors, Power system energy transfer; Energy accounting in interconnected operations; Operating systems most economically; EHV operation; Power system communications; Impedance of parallel circuits; Effects of resistance on impedance.
650 _aElectronic Power Systems Management
_9261496
650 _aLoad dispatching
_9261497
700 _aMalinowski, James H
_9261498
942 _2ddc
_cBK
999 _c241232
_d241232